000 00622cam a2200205 4500
001 ABS68388
008 041025n2004 000 0 eng u
035 _a(Sirsi) u127813
245 _aOther land price series
260 _c2004
490 _aFarmland Market
_v(62) Autumn 2004, 20-21(2)
520 _aSets out the other land price series available, such as Estates Gazette, DEFRA, CLA and Savills, and the specifications by which they are compiled.
590 _aABS
590 _aABS
650 _aLAND PRICES
650 _aFARM LAND
650 _aLAND PRICE SYSTEM
690 _aRURAL
_96268
942 _n0
999 _c118217
_d118217